000
00218 a2200097 4500
001
49020
100
_a
Arshi Rampury
245
_a
Nehaj Al-Blagha
260
_a
Lahore
_b
Sh. Ghulam Ali & Sons
_c
090
_c
31837
_d
31837
942
_a
NUST-CAE
_c
M
_c
24266
999
_c
284093
_d
284093